Portsmouth City Councillors - Statistics

General Stats
  • This quiz has been taken 3 times
  • The average score is 18 of 42
Answer Stats
Ward Party Answer % Correct
Conservative Donna Jones
100%
Milton Liberal Democrat Ben Dowling
67%
Progressive Portsmouth People Claire Udy
67%
Baffins Liberal Democrat Darren Sanders
67%
Hilsea Conservative Frank Jonas
67%
Liberal Democrat Gerald Vernon-Jackson
67%
Liberal Democrat Hugh Mason
67%
Progressive Portsmouth People Jeanette Smith
67%
Paulsgrove Independent John Ferrett
67%
Liberal Democrat Lee Hunt
67%
Conservative Lee Mason
67%
Conservative Linda Symes
67%
Liberal Democrat Rob Wood
67%
Drayton & Farlington Conservative Simon Bosher
67%
Liberal Democrat Steve Pitt
67%
Conservative Steve Wemyss
67%
Liberal Democrat Suzy Horton
67%
Liberal Democrat Tom Wood
67%
Conservative Benedict Swann
33%
Charles Dickens Labour Cal Corkery
33%
Conservative Gemma New
33%
Central Southsea Labour George Fielding
33%
St Jude Labour Graham Heaney
33%
Conservative Hannah Hockaday
33%
Labour Judith Smyth
33%
Liberal Democrat Leo Madden
33%
Eastney & Craneswater Conservative Luke Stubbs
33%
Liberal Democrat Lynne Stagg
33%
Cosham Conservative Matthew Atkins
33%
Liberal Democrat Matthew Winnington
33%
Copnor Conservative Rob New
33%
Conservative Scott Payter-Harris
33%
Labour Stephen Morgan
33%
Conservative Terry Norton
33%
St Thomas Liberal Democrat Chris Attwell
0%
Fratton Liberal Democrat Dave Ashmore
0%
Liberal Democrat David Fuller
0%
Nelson Liberal Democrat Jason Fazackarley
0%
Conservative Jo Hooper
0%
Conservative Neill Young
0%
Labour Tom Coles
0%
Liberal Democrat Will Purvis
0%
No matching quizzes found
Score Distribution
Percent of People with Each Score
Percentile by Number Answered
Your Score History
You have not taken this quiz